Principles of electric machines and power electronics /

Gespeichert in:
Bibliographische Detailangaben
1. Verfasser: Sen, P. C.
Format: Buch
Sprache:English
Veröffentlicht: New York : John Wiley and Sons, 1997.
Ausgabe:2nd edition.
Schlagworte:
Tags: Tag hinzufügen
Keine Tags, Fügen Sie den ersten Tag hinzu!
Thư viện lưu trữ: Mạng thư viện Đại học Đà Nẵng
LEADER 00934cam a2200349 i 4500
001 000046112
003 5383
005 20030317090656.0
008 010220|1997 vm 000 eng
020 |a 0471022950 
040 |a IRC  |c IRC  |d IRC 
041 0 |a eng 
082 1 4 |a 621.31042  |b SE-P 
100 1 |a Sen, P. C.  |q (Paresh Chandra) 
245 0 0 |a Principles of electric machines and power electronics /  |c P. C. (Paresh Chandra) Sen. 
250 |a 2nd edition. 
260 |a New York :  |b John Wiley and Sons,  |c 1997. 
300 |a xxi, 615p. :  |b ill. 
630 0 4 |a Electric machinery. 
630 0 4 |a Power electronics. 
650 0 4 |a Power electronics. 
650 0 4 |a Electric machinery. 
OWN |a DUT 
999 |a From the UDN01 
TYP |a Monograph 
TYP |a Printed language 
980 |a Mạng thư viện Đại học Đà Nẵng